|
|
|
|
| LEADER |
00000naa2a2200000 4500 |
| 001 |
80046 |
| 005 |
20231031094453.0 |
| 035 |
|
|
|a (RuTPU)RU\TPU\book\86043
|
| 090 |
|
|
|a 80046
|
| 100 |
|
|
|a 20050831d2001 k y0rusy50 ca
|
| 101 |
0 |
|
|a rus
|
| 102 |
|
|
|a RU
|
| 200 |
1 |
|
|a Информационно-технологическое обеспечение дисциплины "Дистанционные методы исследования окружающей среды"
|f А. А. Поцелуев, В. В. Архангельский
|
| 463 |
|
0 |
|0 (RuTPU)RU\TPU\book\38730
|t Образовательный стандарт нового поколения. Организационно-технологическое и материально-техническое обеспечение
|o труды научно-практической конференции
|f Томский политехнический университет; Образовательный стандарт нового покаления. Организационно-технологическое и материально-техническое обеспечение
|v С. 118-119.
|d 2001
|p 152 с.
|
| 610 |
1 |
|
|a учебные дисциплины
|
| 610 |
1 |
|
|a информационное обеспечение
|
| 610 |
1 |
|
|a дистанционные методы
|
| 610 |
1 |
|
|a методы исследования
|
| 610 |
1 |
|
|a окружающая среда
|
| 610 |
1 |
|
|a учебные планы
|
| 610 |
1 |
|
|a подготовка специалистов
|
| 610 |
1 |
|
|a труды учёных ТПУ
|
| 610 |
1 |
|
|a охрана
|
| 700 |
|
1 |
|a Поцелуев
|b А. А.
|c геолог
|c профессор Томского политехнического университета, доктор геолого-минералогических наук
|f 1952-
|g Анатолий Алексеевич
|2 stltpush
|3 (RuTPU)RU\TPU\pers\26071
|
| 701 |
|
1 |
|a Архангельский
|b В. В.
|
| 801 |
|
1 |
|a RU
|b 63413507
|c 20050831
|g PSBO
|
| 801 |
|
2 |
|a RU
|b 63413507
|c 20171009
|g RCR
|
| 942 |
|
|
|c BK
|